[Event "Mittelfrank Regionalliga Sud-Ost 2122"]
[Site "Mittelfranken"]
[Date "2021.11.14"]
[Round "2.7"]
[White "Kreutner, Maximilian"]
[Black "Schneider, Wolfgang2"]
[Result "0-1"]
[WhiteElo "1840"]
[BlackElo "1862"]
[PlyCount "102"]
[EventDate "2021.10.24"]
[EventType "team-tourn"]
[EventRounds "9"]
[EventCountry "GER"]
[SourceTitle "EXT 2024"]
[Source "ChessBase"]
[SourceDate "2023.10.10"]
[SourceVersion "1"]
[SourceVersionDate "2023.10.10"]
[SourceQuality "1"]
[WhiteTeam "Passau II"]
[BlackTeam "Freising"]
[WhiteTeamCountry "GER"]
[BlackTeamCountry "GER"]

1. e4 c5 2. Nf3 d6 3. d4 cxd4 4. Nxd4 Nf6 5. Nc3 a6 6. Be3 e5 7. Nb3 Be6 8. f3 Be7 9. Qd2 Nbd7 10. g4 b5 11. 0-0-0 Nb6 12. Qf2 Na4 13. Nd5 Bxd5 14. exd5 0-0 15. h4 Nd7 16. Kb1 Qc7 17. f4 Nf6 18. Qg2 Rfc8 19. Bd3 Nxb2 20. fxe5 Nxd1 21. Rxd1 dxe5 22. Bf5 Rd8 23. h5 Ba3 24. Bc1 Bxc1 25. d6 Qb6 26. Kxc1 a5 27. g5 Nxh5 28. d7 Qe3+ 29. Kb1 g6 30. Be4 Ra7 31. Bc6 a4 32. Nc1 a3 33. Qd2 Qc5 34. Qd3 Qb4+ 35. Qb3 Qg4 36. Rf1 Nf4 37. Qe3 Rdxd7 38. Bxd7 Qxd7 39. Qxe5 Ne6 40. Qb8+ Nf8 41. Qe5 Rc7 42. Rf2 Ne6 43. Nb3 Qd1+ 44. Nc1 Qg1 45. Re2 Qxg5 46. Qh2 Qc5 47. Nd3 Qc3 48. Qd6 Rc8 49. Qb6 Nd4 50. Rf2 Nxc2 51. Qb7 Qa1# 0-1